000 00626nam a2200229Ia 4500
005 20260320201838.0
008 008 262003s9999 xx 000 0 eng d
037 _aEBOOK
040 _aCRL
040 _beng
040 _cCRL
041 _2eng
041 _aeng
084 _qCRL
100 _aGouigoux
_91136102
245 0 _aEnterprise Architecture with .NET: Expert-backed advice for information system design, down to .NET and C# implementation
260 _bIEEE
856 _uhttps://ieeexplore.ieee.org/servlet/opac?bknumber=10559423
942 _cEBOOK
999 _c1723866
_d1723866